Prathinidhi bal ekanki / (Record no. 8171)
[ view plain ]
| 000 -LEADER | |
|---|---|
| fixed length control field | 00440cam a2200181ua 4500 |
| 041 ## - LANGUAGE CODE | |
| Language code of text/sound track or separate title | hin |
| 082 ## - DEWEY DECIMAL CLASSIFICATION NUMBER | |
| Classification number | 891.54 |
| Item number | SHR/PR |
| 100 ## - MAIN ENTRY--AUTHOR NAME | |
| Personal name | Srikrishnan, . |
| 245 00 - TITLE STATEMENT | |
| Title | Prathinidhi bal ekanki / |
| 260 ## - PUBLICATION, DISTRIBUTION, ETC. (IMPRINT) | |
| Place of publication | : |
| Name of publisher | Atmaram and Sons , |
| Year of publication | 1962. |
| 300 ## - PHYSICAL DESCRIPTION | |
| Number of Pages | 280 ; . |
| 700 1# - ADDED ENTRY--PERSONAL NAME | |
| Personal name | Yogendra Kumar , Lalla . |
| 942 ## - ADDED ENTRY ELEMENTS (KOHA) | |
| Koha item type | Books |
| Withdrawn status | Lost status | Damaged status | Home library | Current library | Date acquired | Full call number | Accession Number | Koha item type |
|---|---|---|---|---|---|---|---|---|
| Withdrawn | KAUAET | Sanskrit University | 07/04/2012 | 891.54 | 9628 | Books |
